000
00201 a2200097 4500
001
22006
100
_a
Gunston, W. T.
245
_a
Flight Handbook
260
_a
_b
Iliffe
_c
1962
090
_c
15168
_d
15168
942
_a
NUST-CAE
_c
M
_c
5745
999
_c
257079
_d
257079